Statistiques concernant Les mots de la langue française se terminant par "min"

Cliquez ici pour prendre le quiz!

Statistiques générales

  • Ce quiz a été pris 189 fois
  • Le résultat moyen est 6 sur 10

Statistiques - réponses

IndiceMot% Correct
enfantgamin
96%
passagechemin
90%
épicecumin
86%
rouge foncécarmin
82%
vieux manuscritparchemin
80%
prénomFirmin
42%
plante grimpantejasmin
38%
prénomBenjamin
34%
dieu egyptienmin
8%
prénomMaximin
1%

Distribution des résultats

Percentile par nombre de réponses

% des personnes avec chaque résultat

Votre développement - résultats

Vous n’avez pas pris ce quiz